Chile y los adultos mayores: impacto en la sociedad del 2000 en el año internacional del adulto mayor 1999

Guardado en:
Detalles Bibliográficos
Autores principales: Morales P., Irma (autora), Villalón C., Jorge (Autor)
Formato: Libro
Lenguaje:español
Publicado: Santiago INE 1999
Materias:
Etiquetas: Agregar Etiqueta
Sin Etiquetas, Sea el primero en etiquetar este registro!

MARC

LEADER 00000nam a2200000 a 4500
001 UCO1373
003 CL-VaPUC
008 000512e19990000CL |||||||||||||||||spa|d
082 0 4 |a 305.26  |b MOR  |2 21 
100 |a Morales P., Irma  |e autora  |9 443431 
700 0 |a Villalón C., Jorge  |e author  |9 443432 
245 1 0 |a Chile y los adultos mayores: impacto en la sociedad del 2000 en el año internacional del adulto mayor 1999 
300 |a 77 p 
942 |c BK 
945 |d 20000512 00:00:00  |a rbrito 
260 |a Santiago  |b INE  |c 1999 
650 0 |a Tercera edad   |9 307285 
650 0 |a Adulto mayor  |9 311317 
650 0 |a Vejez   |9 307287 
650 0 |a Ancianidad  |9 307286 
650 0 |a Salud  |9 258663 
650 7 |a CUIDADOS DEL ADULTO MAYOR  |2 CL-VaPUC  |9 443433 
650 0 |a Discapacidad  |9 374444 
583 |a last modification  |c 20000512 00:00:00  |k Rodrigo Vera 
999 |c 287998  |d 287996 
952 |0 0  |1 0  |4 0  |6 305_260000000000000_MOR_1999  |7 0  |8 A  |9 335151  |a BIBEDU  |b BIBEDU  |d 2019-11-20  |i 3613631  |o 305.26 MOR 1999  |p 3613631  |r 2019-11-20  |w 2019-11-20  |y BK  |k BME 
952 |0 0  |1 0  |4 0  |6 305_260000000000000_MOR_1999  |7 0  |8 A  |9 335152  |a BIBEDU  |b BIBEDU  |d 2019-11-20  |i 361364K  |o 305.26 MOR 1999  |p 361364K  |r 2019-11-20  |w 2019-11-20  |y BK  |k BME